| 000 | 00934pam a2200277 a 4500 | ||
|---|---|---|---|
| 001 | 933316 | ||
| 003 | ARRUPE | ||
| 005 | 20140204134244.0 | ||
| 008 | 830411s1983 pau b 001 0 eng | ||
| 010 | _a 83008885 | ||
| 020 | _a0800617649 (pbk.) | ||
| 040 |
_aDLC _cDLC _dDLC |
||
| 050 | 0 | 0 |
_aBS1199.T44 _bT48 1983 |
| 082 | 0 | 0 |
_a231/.8 _219 |
| 245 | 0 | 0 |
_aTheodicy in the Old Testament / _cedited with an introduction by James L. Crenshaw. |
| 260 |
_aPhiladelphia : _bFortress Press ; _aLondon : _bSPCK, _c1983. |
||
| 300 |
_axii, 163 p. ; _c22 cm. |
||
| 440 | 0 |
_aIssues in religion and theology ; _v4 _97820 |
|
| 500 | _aIncludes index. | ||
| 504 | _aBibliography: p. 154-158. | ||
| 630 | 0 | 0 |
_aBible. _pOld Testament _xCriticism, interpretation, etc. _97821 |
| 650 | 0 |
_aTheodicy _xBiblical teaching. _97822 |
|
| 700 | 1 |
_aCrenshaw, James L. _97823 |
|
| 906 |
_a7 _bcbc _corignew _d1 _eocip _f19 _gy-gencatlg |
||
| 942 |
_2lcc _cMONOGRAPH |
||
| 999 |
_c119908 _d119908 |
||